Pays d'Europe les plus sûrs - Statistiques

Statistiques générales
  • Ce quiz a été pris 247 fois
  • Le résultat moyen est 12 sur 15
Statistiques - réponses
Indice de Sécurité Pays % Correct
74,67 Suisse
91%
73,71 Finlande
87%
74,56 Islande
86%
68,78 Portugal
83%
73,69 Danemark
81%
87,13 Andorre
78%
70,67 Autriche
78%
76,38 Monaco
78%
69,33 Pologne
77%
76,20 Estonie
75%
73,65 Pays-Bas
75%
75,79 Slovénie
70%
73,97 Croatie
69%
68,95 Slovaquie
68%
73,19 République Tchèque
67%
Aucun quiz correspondant
Distribution des résultats
% des personnes avec chaque résultat
Percentile par nombre de réponses
Votre historique - résultats
Vous n’avez pas pris ce quiz